[Event "DVM U20w 2010"]
[Site "Magdeburg GER"]
[Date "2010.12.28"]
[Round "3"]
[White "Zikeli, Saskia"]
[Black "Erben, Larissa"]
[Result "1-0"]
[Termination "normal"]
[Board "1.1"]
[WhiteElo "2069"]
[BlackElo "2092"]
[WhiteTeam "Schachclub Ingersheim"]
[BlackTeam "SV Stuttgart-Wolfbusch"]
[PlyCount "95"]
[WhiteFideId "24601543"]
[BlackFideId "24634590"]
[EventCountry "GER"]
[EventRounds "7"]
[EventType "team-swiss"]
[EventDate "2010.12.26"]

1. e4 c5 2. Nf3 e6 3. d3 Nc6 4. g3 g6 5. Bg2 Bg7 6. O-O d6 7. Nbd2 Nge7 8. Re1
Rb8 9. a4 a6 10. c3 b5 11. axb5 axb5 12. Nf1 O-O 13. h4 f5 14. exf5 Nxf5 15.
Ng5 Ne5 16. f4 Nf7 17. Nxe6 Bxe6 18. Rxe6 Qd7 19. Qe1 Rfe8 20. Bd5 Ne7 21. Bg2
Ne5 22. Rxe7 Qxe7 23. fxe5 Bxe5 24. Bd5+ Kh8 25. Bg5 Qg7 26. Qd2 b4 27. Bh6 Qd7
28. d4 bxc3 29. bxc3 Bg7 30. Bf4 cxd4 31. cxd4 Qb5 32. Bf3 Qb3 33. Qd1 Qc3 34.
Rc1 Qb4 35. d5 Qb6+ 36. Kg2 Rbc8 37. Rc6 Qb2+ 38. Qd2 Qb1 39. Bxd6 Ra8 40. Rc1
Qb3 41. Qf4 Ra2+ 42. Kh3 Qb5 43. Qf7 Rea8 44. Rc7 Qxf1+ 45. Kg4 R2a4+ 46. Kg5
h6+ 47. Kxg6 Rg8 48. Qxg8+ 1-0

[Event "DVM U20w 2010"]
[Site "Magdeburg GER"]
[Date "2010.12.28"]
[Round "3"]
[White "Stitterich, Nadine"]
[Black "Jehle, Anja"]
[Result "1/2-1/2"]
[Termination "normal"]
[Board "1.2"]
[WhiteElo "2000"]
[BlackElo "1933"]
[WhiteTeam "SV Stuttgart-Wolfbusch"]
[BlackTeam "Schachclub Ingersheim"]
[PlyCount "101"]
[WhiteFideId "24676527"]
[BlackFideId "24631434"]
[EventCountry "GER"]
[EventRounds "7"]
[EventType "team-swiss"]
[EventDate "2010.12.26"]

1. e4 c5 2. Nf3 d6 3. d4 cxd4 4. Nxd4 Nf6 5. Nc3 a6 6. Be2 e5 7. Nb3 Be6 8. f4
b5 9. f5 Bxb3 10. axb3 b4 11. Nd5 Nbd7 12. Bf3 a5 13. O-O Be7 14. Be3 Nc5 15.
Nxf6+ Bxf6 16. Qd5 Rc8 17. Rfd1 Be7 18. Bg4 h5 19. Be2 O-O 20. Bxh5 Bg5 21. Bf2
Qc7 22. c3 Qc6 23. Bxc5 Qxc5+ 24. Qxc5 Rxc5 25. Be2 bxc3 26. bxc3 Rxc3 27. Bc4
Be3+ 28. Kh1 Bd4 29. Rxa5 Rb8 30. h3 Rc2 31. Kh2 Kf8 32. h4 Ke7 33. Rxd4 exd4
34. Ra7+ Kf6 35. Rxf7+ Ke5 36. Rxg7 Rxc4 37. Re7+ Kf4 38. bxc4 d3 39. Ra7 Kxe4
40. Ra6 Kxf5 41. Rxd6 Ke4 42. h5 Ke3 43. h6 d2 44. g4 Rb6 45. Rxd2 Rxh6+ 46.
Kg3 Kxd2 47. g5 Rc6 48. Kf4 Rxc4+ 49. Kf5 Rc5+ 50. Kf6 Rc6+ 51. Kf7 1/2-1/2

[Event "DVM U20w 2010"]
[Site "Magdeburg GER"]
[Date "2010.12.28"]
[Round "3"]
[White "Zikeli, Julia"]
[Black "Mijatovic, Andrea"]
[Result "1/2-1/2"]
[Termination "normal"]
[Board "1.3"]
[WhiteElo "1834"]
[BlackElo "1912"]
[WhiteTeam "Schachclub Ingersheim"]
[BlackTeam "SV Stuttgart-Wolfbusch"]
[PlyCount "60"]
[WhiteFideId "24622753"]
[BlackFideId "14514524"]
[EventCountry "GER"]
[EventRounds "7"]
[EventType "team-swiss"]
[EventDate "2010.12.26"]

1. e4 c5 2. Nf3 d6 3. d3 Nf6 4. g3 g6 5. Bg2 Bg7 6. O-O Nc6 7. c3 e6 8. Nbd2 d5
9. e5 Nd7 10. d4 O-O 11. Re1 Re8 12. Nf1 f6 13. exf6 Bxf6 14. h4 cxd4 15. cxd4
Qb6 16. Ng5 Bxd4 17. Be3 Nf6 18. Qf3 Kg7 19. Qf4 e5 20. Bxd4 Qxd4 21. Qf3 h6
22. Rad1 Qxb2 23. Re2 Qb4 24. Ne3 Nd4 25. Qxf6+ Kxf6 26. Nxd5+ Kg7 27. Nxb4
Nxe2+ 28. Kf1 Nc3 29. Rc1 Nxa2 30. Rc7+ Kg8 1/2-1/2

[Event "DVM U20w 2010"]
[Site "Magdeburg GER"]
[Date "2010.12.28"]
[Round "3"]
[White "Schäfer, Daniela"]
[Black "Fröschle, Luzie"]
[Result "1-0"]
[Termination "normal"]
[Board "1.4"]
[WhiteElo "1920"]
[BlackElo "1775"]
[WhiteTeam "SV Stuttgart-Wolfbusch"]
[BlackTeam "Schachclub Ingersheim"]
[PlyCount "39"]
[WhiteFideId "4624769"]
[BlackFideId "24631221"]
[EventCountry "GER"]
[EventRounds "7"]
[EventType "team-swiss"]
[EventDate "2010.12.26"]

1. e4 c6 2. d4 d5 3. f3 dxe4 4. fxe4 Nf6 5. Nc3 Bg4 6. Nf3 Nbd7 7. Be2 Qc7 8.
O-O e6 9. e5 Nd5 10. Ng5 Nxe5 11. Nxd5 cxd5 12. Bxg4 h6 13. Nxf7 Nxf7 14. Bh5
Bd6 15. Bxf7+ Qxf7 16. Rxf7 Kxf7 17. Bd2 Rhf8 18. Qh5+ Ke7 19. Re1 Kd7 20. Qg6
1-0

[Event "DVM U20w 2010"]
[Site "Magdeburg GER"]
[Date "2010.12.28"]
[Round "3"]
[White "Schmalhorst, Sophia"]
[Black "Stark, Saskia"]
[Result "0-1"]
[Termination "normal"]
[Board "2.1"]
[WhiteElo "1861"]
[BlackElo "1978"]
[WhiteTeam "SC Ladja Roßdorf"]
[BlackTeam "SG Grün-Weiß Dresden"]
[PlyCount "116"]
[WhiteFideId "24682497"]
[BlackFideId "4601050"]
[EventCountry "GER"]
[EventRounds "7"]
[EventType "team-swiss"]
[EventDate "2010.12.26"]

1. e4 c5 2. Nf3 e6 3. d4 cxd4 4. Nxd4 a6 5. Bd3 Bc5 6. Nb3 Ba7 7. Qe2 Nc6 8.
Be3 d6 9. Bxa7 Rxa7 10. Nc3 Nf6 11. O-O O-O 12. a4 b6 13. f4 Nd7 14. Rae1 Re8
15. Qf2 Nf8 16. Nd4 Nxd4 17. Qxd4 Rd7 18. Qf2 Ng6 19. Na2 Bb7 20. Qe2 Qc8 21.
Kh1 e5 22. f5 Nf4 23. Qg4 f6 24. Nc3 d5 25. Rf3 Qa8 26. exd5 Nxd5 27. Bc4 Kh8
28. Rd3 Red8 29. Red1 Nxc3 30. Rxd7 Bxg2+ 31. Qxg2 Nxd1 32. Bd5 Rxd7 33. Bxa8
Ne3 34. Qe2 Rd1+ 35. Qxd1 Nxd1 36. b4 a5 37. bxa5 bxa5 38. Kg1 Kg8 39. c4 Ne3
40. c5 Nxf5 41. c6 Kf7 42. c7 Nd6 43. Bb7 f5 44. c8=Q Nxc8 45. Bxc8 Kf6 46. Kf2
e4 47. Ba6 g5 48. Be2 h6 49. h3 Ke5 50. Bd1 Kd4 51. Be2 Ke5 52. Bd1 Kd4 53. Bh5
Kd3 54. Be2+ Kd2 55. Bb5 e3+ 56. Kf1 h5 57. Be2 g4 58. hxg4 hxg4 0-1

[Event "DVM U20w 2010"]
[Site "Magdeburg GER"]
[Date "2010.12.28"]
[Round "3"]
[White "Lorenz, Nicole"]
[Black "Nguyen Minh, Thuy"]
[Result "1/2-1/2"]
[Termination "normal"]
[Board "2.2"]
[WhiteElo "1887"]
[BlackElo "1910"]
[WhiteTeam "SG Grün-Weiß Dresden"]
[BlackTeam "SC Ladja Roßdorf"]
[PlyCount "59"]
[WhiteFideId "24623709"]
[BlackFideId "24672688"]
[EventCountry "GER"]
[EventRounds "7"]
[EventType "team-swiss"]
[EventDate "2010.12.26"]

1. e4 e6 2. d4 d5 3. exd5 exd5 4. Bd3 Bd6 5. Ne2 Nc6 6. c3 Nge7 7. Qc2 Bg4 8.
f3 Bh5 9. Bf4 Bg6 10. Bxd6 Qxd6 11. Nd2 O-O 12. O-O Qf6 13. Bxg6 Qxg6 14. Qxg6
Nxg6 15. Rfe1 Rfe8 16. Kf2 Kf8 17. g3 b6 18. Ng1 Na5 19. Rxe8+ Rxe8 20. Re1 Rd8
21. Rc1 Nb7 22. b4 Nd6 23. Re1 Ra8 24. Rc1 a5 25. a3 axb4 26. axb4 Ra2 27. Ke3
Ne7 28. f4 Nef5+ 29. Kd3 Nc4 30. Ngf3 1/2-1/2

[Event "DVM U20w 2010"]
[Site "Magdeburg GER"]
[Date "2010.12.28"]
[Round "3"]
[White "Tran, My Linh"]
[Black "Kosovska, Olena"]
[Result "1-0"]
[Termination "normal"]
[Board "2.3"]
[WhiteElo "1892"]
[BlackElo "1872"]
[WhiteTeam "SC Ladja Roßdorf"]
[BlackTeam "SG Grün-Weiß Dresden"]
[PlyCount "109"]
[WhiteFideId "24682462"]
[BlackFideId "4647963"]
[EventCountry "GER"]
[EventRounds "7"]
[EventType "team-swiss"]
[EventDate "2010.12.26"]

1. e4 c5 2. Nf3 a6 3. c3 e6 4. Be2 Nf6 5. d3 Be7 6. O-O O-O 7. e5 Nd5 8. a4 Nc6
9. Na3 f6 10. Nc4 fxe5 11. Ncxe5 Nxe5 12. Nxe5 d6 13. Nc4 Bd7 14. Bf3 Bc6 15.
a5 Bh4 16. Qe2 Re8 17. Bd2 Qc7 18. Rae1 Re7 19. Qe4 Bf6 20. Qg4 Rae8 21. Qh3 b5
22. axb6 Nxb6 23. Nxb6 Qxb6 24. Bxc6 Qxc6 25. Ra1 Qb5 26. Ra2 Ra7 27. Rfa1 Qb3
28. Qf3 Qb5 29. Bf4 Qb6 30. Qg4 d5 31. Bg5 Be7 32. Qa4 Rf8 33. Qa5 Qd6 34. g3
Qc6 35. Qa4 Qb7 36. Qa5 Bd6 37. Be3 Rc8 38. b4 Qc6 39. b5 Qd7 40. bxa6 Rca8 41.
Qa4 Qc8 42. Qg4 Be7 43. Qh5 Qc6 44. Bf4 Bf6 45. Be5 Bxe5 46. Qxe5 Kf7 47. c4
Rd8 48. Qh5+ Kg8 49. Qg5 Rf8 50. Qe5 Rd8 51. Rb1 h6 52. Qa1 Rd6 53. Rb7 Rxb7
54. axb7 Qxb7 55. Ra7 1-0

[Event "DVM U20w 2010"]
[Site "Magdeburg GER"]
[Date "2010.12.28"]
[Round "3"]
[White "Schreiber, Stefanie"]
[Black "Hiller, Vanessa"]
[Result "1-0"]
[Termination "normal"]
[Board "2.4"]
[WhiteElo "1256"]
[BlackElo "1587"]
[WhiteTeam "SG Grün-Weiß Dresden"]
[BlackTeam "SC Ladja Roßdorf"]
[PlyCount "83"]
[BlackFideId "24668761"]
[EventCountry "GER"]
[EventRounds "7"]
[EventType "team-swiss"]
[EventDate "2010.12.26"]

1. e4 c5 2. c4 Nc6 3. Nc3 Nf6 4. g3 e5 5. Bg2 d6 6. Nge2 Be7 7. O-O h5 8. f3
Be6 9. Nd5 Qd7 10. Kf2 g5 11. d3 Rg8 12. Nec3 O-O-O 13. a3 Bh3 14. b4 Bxg2 15.
Kxg2 Nd4 16. bxc5 dxc5 17. Rb1 Nxd5 18. cxd5 f5 19. Bd2 f4 20. Ne2 Nxe2 21.
Qxe2 fxg3 22. hxg3 Rg6 23. Rh1 h4 24. g4 Rf8 25. Rbc1 Rgf6 26. Rhf1 Ra6 27. Ra1
Rh8 28. Kh3 Rhh6 29. Rfc1 Kb8 30. Be3 c4 31. dxc4 Bxa3 32. Rc2 Be7 33. Rca2
Rxa2 34. Rxa2 Qc7 35. Rxa7 Ra6 36. Rxa6 bxa6 37. Qb2+ Kc8 38. Qc1 a5 39. Bxg5
Bxg5 40. Qxg5 Qxc4 41. Qg8+ Kc7 42. d6+ 1-0

[Event "DVM U20w 2010"]
[Site "Magdeburg GER"]
[Date "2010.12.28"]
[Round "3"]
[White "Schulz, Anja"]
[Black "Anker, Christin"]
[Result "1/2-1/2"]
[Termination "normal"]
[Board "3.1"]
[WhiteElo "2045"]
[BlackElo "1894"]
[WhiteTeam "USC Magdeburg"]
[BlackTeam "SpVgg Stetten"]
[PlyCount "60"]
[WhiteFideId "24647845"]
[BlackFideId "1615688"]
[EventCountry "GER"]
[EventRounds "7"]
[EventType "team-swiss"]
[EventDate "2010.12.26"]

1. e4 e5 2. Nf3 Nc6 3. Bb5 a6 4. Ba4 Nf6 5. d4 exd4 6. O-O Be7 7. Re1 O-O 8. e5
Nd5 9. Nxd4 Nb6 10. Bb3 Na5 11. Nf5 d5 12. Nxe7+ Qxe7 13. Nc3 Nxb3 14. axb3 Be6
15. Be3 c5 16. Qh5 Rac8 17. Bg5 Qd7 18. Re3 Bf5 19. Rg3 Bg6 20. Qe2 Qf5 21. Rc1
Rce8 22. Qd2 Qxe5 23. Bf4 Qe6 24. Re3 Qd7 25. Rxe8 Rxe8 26. Ne2 d4 27. b4 Qb5
28. bxc5 Rxe2 29. Qxd4 Qe8 30. Be3 Nc8 1/2-1/2

[Event "DVM U20w 2010"]
[Site "Magdeburg GER"]
[Date "2010.12.28"]
[Round "3"]
[White "Wisheckel, Lena"]
[Black "Heinemann, Josefine"]
[Result "1-0"]
[Termination "normal"]
[Board "3.2"]
[WhiteElo "1778"]
[BlackElo "1578"]
[WhiteTeam "SpVgg Stetten"]
[BlackTeam "USC Magdeburg"]
[PlyCount "73"]
[WhiteFideId "24691992"]
[BlackFideId "12900460"]
[EventCountry "GER"]
[EventRounds "7"]
[EventType "team-swiss"]
[EventDate "2010.12.26"]

1. e4 c5 2. Nf3 d6 3. Bb5+ Bd7 4. Bxd7+ Qxd7 5. O-O Nc6 6. c3 Nf6 7. Re1 e6 8.
d4 cxd4 9. cxd4 g6 10. Bg5 Bg7 11. Qd2 O-O 12. Bh6 Rac8 13. Bxg7 Kxg7 14. Nc3
Rfe8 15. Rad1 a6 16. e5 dxe5 17. dxe5 Nd5 18. Nxd5 exd5 19. Qxd5 Qxd5 20. Rxd5
Nb4 21. Rd7 Kg8 22. h3 Nxa2 23. Ng5 Rf8 24. Rxb7 h6 25. Ne4 Rb8 26. Ra7 Rxb2
27. Rxa6 Nb4 28. Rd6 Kg7 29. Rd7 Kg8 30. Kf1 Nc6 31. Nd6 Rd2 32. f3 Rd5 33. e6
Ne5 34. Rxe5 Rxe5 35. e7 Rd5 36. Rd8 Re8 37. Rxe8+ 1-0

[Event "DVM U20w 2010"]
[Site "Magdeburg GER"]
[Date "2010.12.28"]
[Round "3"]
[White "Weiß, Katharina"]
[Black "Münch, Marlene"]
[Result "1/2-1/2"]
[Termination "normal"]
[Board "3.3"]
[WhiteElo "1776"]
[BlackElo "1850"]
[WhiteTeam "USC Magdeburg"]
[BlackTeam "SpVgg Stetten"]
[PlyCount "60"]
[WhiteFideId "24692859"]
[BlackFideId "24639222"]
[EventCountry "GER"]
[EventRounds "7"]
[EventType "team-swiss"]
[EventDate "2010.12.26"]

1. e4 e6 2. d4 d5 3. Nc3 Nf6 4. e5 Nfd7 5. Nce2 c5 6. c3 Nc6 7. f4 Qb6 8. Nf3
cxd4 9. cxd4 f6 10. g3 fxe5 11. fxe5 Bb4+ 12. Bd2 O-O 13. Bg2 Ndxe5 14. dxe5
Nxe5 15. Nf4 Nc4 16. Qb3 Nxd2 17. Nxd2 g5 18. Nh3 Qd4 19. O-O-O Bd7 20. Nf1
Qc5+ 21. Kb1 Be8 22. Ne3 Bg6+ 23. Ka1 h6 24. Nxd5 exd5 25. Qxd5+ Qxd5 26. Bxd5+
Kh8 27. Bxb7 Rab8 28. Bg2 Rfe8 29. Rhf1 Bc5 30. Bf3 Rb4 1/2-1/2

[Event "DVM U20w 2010"]
[Site "Magdeburg GER"]
[Date "2010.12.28"]
[Round "3"]
[White "Mehling, Katharina"]
[Black "Merker, Vivien"]
[Result "1-0"]
[Termination "normal"]
[Board "3.4"]
[WhiteElo "1606"]
[BlackElo "1101"]
[WhiteTeam "SpVgg Stetten"]
[BlackTeam "USC Magdeburg"]
[PlyCount "35"]
[WhiteFideId "12900362"]
[BlackFideId "12927260"]
[EventCountry "GER"]
[EventRounds "7"]
[EventType "team-swiss"]
[EventDate "2010.12.26"]

1. d4 d5 2. c4 Nf6 3. cxd5 Nxd5 4. e4 Nf6 5. Nc3 e6 6. Nf3 Bb4 7. Bd3 O-O 8.
O-O Nc6 9. Bc2 Qd6 10. e5 Qe7 11. Qd3 g6 12. Bg5 Bxc3 13. bxc3 Qd7 14. Bxf6 b6
15. Qe3 Ne7 16. Qh6 Nf5 17. Bxf5 exf5 18. Qg7# 1-0

[Event "DVM U20w 2010"]
[Site "Magdeburg GER"]
[Date "2010.12.28"]
[Round "3"]
[White "Wilke, Tabea"]
[Black "Balsakow, Christine"]
[Result "0-1"]
[Termination "normal"]
[Board "4.1"]
[WhiteElo "994"]
[BlackElo "1383"]
[WhiteTeam "SC Hattersheim"]
[BlackTeam "SK Nordhorn-Blanke"]
[PlyCount "93"]
[WhiteFideId "12910015"]
[EventCountry "GER"]
[EventRounds "7"]
[EventType "team-swiss"]
[EventDate "2010.12.26"]

1. e4 c5 2. Nf3 d6 3. d4 cxd4 4. Nxd4 Nf6 5. Nc3 a6 6. Be2 Nbd7 7. Bf3 e5 8.
Nf5 Nc5 9. Ng3 b5 10. Be3 Bb7 11. Qd2 b4 12. Nd5 Nxd5 13. exd5 Rb8 14. Bxc5
dxc5 15. O-O Bd6 16. Rad1 O-O 17. c3 Qa5 18. Nh5 h6 19. Be4 f5 20. Bb1 bxc3 21.
bxc3 e4 22. f3 Be5 23. c4 Qxd2 24. Rxd2 Bd4+ 25. Kh1 exf3 26. Rxf3 Bxd5 27. Rb3
Bxc4 28. Rxb8 Rxb8 29. Bxf5 Rf8 30. Ng3 h5 31. h4 Be5 32. Rf2 g6 33. Be6+ Bxe6
34. Ne4 Rxf2 35. Nxf2 Bxa2 36. Nd3 Bd4 37. Nc1 Bc4 38. g3 a5 39. Kg2 a4 40. Kf3
a3 41. Ke4 a2 42. Nxa2 Bxa2 43. Kd3 Be5 44. g4 hxg4 45. Ke3 c4 46. h5 gxh5 47.
Kd2 0-1

[Event "DVM U20w 2010"]
[Site "Magdeburg GER"]
[Date "2010.12.28"]
[Round "3"]
[White "Kleinschmidt, Annika"]
[Black "Neisius, Laura"]
[Result "0-1"]
[Termination "normal"]
[Board "4.2"]
[WhiteElo "1552"]
[BlackElo "1002"]
[WhiteTeam "SK Nordhorn-Blanke"]
[BlackTeam "SC Hattersheim"]
[PlyCount "52"]
[WhiteFideId "24670049"]
[BlackFideId "12910040"]
[EventCountry "GER"]
[EventRounds "7"]
[EventType "team-swiss"]
[EventDate "2010.12.26"]

1. e4 e6 2. d4 d5 3. Nd2 c5 4. c3 Nc6 5. Bb5 Bd7 6. Ne2 a6 7. Bd3 Nf6 8. e5 Ng4
9. h3 Nh6 10. O-O f6 11. exf6 Qxf6 12. Nf3 Nf5 13. Bg5 Qf7 14. Qd2 Bd6 15. Rae1
O-O 16. Bb1 cxd4 17. Nexd4 Nfxd4 18. cxd4 Bb4 19. Qd3 g6 20. Ne5 Nxe5 21. Rxe5
Bb5 22. Qe3 Bxf1 23. Kxf1 b6 24. Rxe6 Rae8 25. Re5 Rxe5 26. dxe5 Bc5 0-1

[Event "DVM U20w 2010"]
[Site "Magdeburg GER"]
[Date "2010.12.28"]
[Round "3"]
[White "Rosmanitz, Anna"]
[Black "Warmer, Marina"]
[Result "1-0"]
[Termination "normal"]
[Board "4.3"]
[WhiteElo "991"]
[BlackElo "1519"]
[WhiteTeam "SC Hattersheim"]
[BlackTeam "SK Nordhorn-Blanke"]
[PlyCount "49"]
[WhiteFideId "12910058"]
[BlackFideId "12909840"]
[EventCountry "GER"]
[EventRounds "7"]
[EventType "team-swiss"]
[EventDate "2010.12.26"]

1. e4 e5 2. Nf3 Nc6 3. Bb5 Qf6 4. d3 h6 5. Bd2 Bc5 6. Qe2 Nge7 7. a3 O-O 8. Be3
Bb6 9. Nc3 d6 10. Bxc6 Nxc6 11. Nd5 Qd8 12. O-O-O Bg4 13. h3 Be6 14. g4 Qd7 15.
g5 h5 16. Nh4 Bxh3 17. Rdg1 Bg4 18. f3 Be6 19. Nf5 Bxd5 20. exd5 Nd8 21. Nxg7
Kxg7 22. f4 Bxe3+ 23. Qxe3 exf4 24. Qd4+ Kg8 25. Rxh5 1-0

[Event "DVM U20w 2010"]
[Site "Magdeburg GER"]
[Date "2010.12.28"]
[Round "3"]
[White "Veelders, Sarah"]
[Black "Goldhausen, Nina"]
[Result "1-0"]
[Termination "normal"]
[Board "4.4"]
[WhiteElo "1085"]
[BlackElo "1000"]
[WhiteTeam "SK Nordhorn-Blanke"]
[BlackTeam "SC Hattersheim"]
[PlyCount "75"]
[WhiteFideId "12913421"]
[BlackFideId "12927309"]
[EventCountry "GER"]
[EventRounds "7"]
[EventType "team-swiss"]
[EventDate "2010.12.26"]

1. b3 e5 2. e3 Bc5 3. Bb2 d6 4. Nc3 Nf6 5. Qe2 Bg4 6. f3 Be6 7. O-O-O O-O 8. g4
Nc6 9. h4 Nd5 10. Nxd5 Bxd5 11. h5 h6 12. Qg2 Be6 13. Nh3 f6 14. d4 exd4 15.
exd4 Bb6 16. d5 Be3+ 17. Kb1 Bd7 18. dxc6 bxc6 19. Re1 Re8 20. Bd3 Re5 21. Bxe5
dxe5 22. Rxe3 Be6 23. f4 a5 24. Qxc6 Bd7 25. Qc4+ Kf8 26. Bg6 Ke7 27. Qf7+ Kd6
28. Rd1+ Kc6 29. Rc3+ Kb7 30. Rxd7 Qb8 31. Rcxc7+ Ka6 32. Bd3+ Qb5 33. Ra7+ Kb6
34. Bxb5 Kxb5 35. Qd5+ Kb4 36. Qc4+ Ka3 37. Rxa8 exf4 38. Rxa5# 1-0

[Event "DVM U20w 2010"]
[Site "Magdeburg GER"]
[Date "2010.12.28"]
[Round "3"]
[White "Bachem, Sabrina"]
[Black "Hoffmann, Hanna Dorina"]
[Result "1/2-1/2"]
[Termination "normal"]
[Board "5.1"]
[WhiteElo "1497"]
[BlackElo "1549"]
[WhiteTeam "TTC GW Fritzdorf"]
[BlackTeam "Dortmunder SV 1875"]
[PlyCount "45"]
[BlackFideId "12909858"]
[EventCountry "GER"]
[EventRounds "7"]
[EventType "team-swiss"]
[EventDate "2010.12.26"]

1. e4 e5 2. Nf3 Nc6 3. Bc4 Bc5 4. Nc3 Nf6 5. d3 O-O 6. O-O d6 7. h3 Re8 8. Bg5
Be6 9. Bb3 a6 10. Ne2 d5 11. exd5 Bxd5 12. Bxd5 Qxd5 13. Bxf6 gxf6 14. Nc3 Qd7
15. Ne4 Qe7 16. Nh4 Kh8 17. Nf5 Qe6 18. Qh5 Be7 19. Nxe7 Nxe7 20. Qh6 Ng6 21.
Rfe1 Qc6 22. Re3 Rg8 23. Rf3 1/2-1/2

[Event "DVM U20w 2010"]
[Site "Magdeburg GER"]
[Date "2010.12.28"]
[Round "3"]
[White "Friese, Sarah"]
[Black "Bachem, Lisa"]
[Result "0-1"]
[Termination "normal"]
[Board "5.2"]
[WhiteElo "1490"]
[BlackElo "1487"]
[WhiteTeam "Dortmunder SV 1875"]
[BlackTeam "TTC GW Fritzdorf"]
[PlyCount "142"]
[WhiteFideId "24691950"]
[BlackFideId "12909912"]
[EventCountry "GER"]
[EventRounds "7"]
[EventType "team-swiss"]
[EventDate "2010.12.26"]

1. e4 c5 2. Nf3 d6 3. d4 cxd4 4. Nxd4 Nf6 5. Nc3 a6 6. Be3 e6 7. Qd2 Be7 8.
O-O-O O-O 9. f4 d5 10. exd5 Nxd5 11. g4 b5 12. Bg2 Bb7 13. Nxd5 Bxd5 14. Bxd5
Qxd5 15. Nb3 Qxd2+ 16. Rxd2 Nc6 17. Rd7 Rfd8 18. Rhd1 Nb4 19. a3 Nd5 20. Rxd8+
Rxd8 21. Bc5 Nxf4 22. Rxd8+ Bxd8 23. Bd6 Nh3 24. Bg3 f5 25. gxf5 exf5 26. Nc5
f4 27. Be1 f3 28. Kd2 f2 29. Bxf2 Nxf2 30. Ke2 Ng4 31. h3 Ne5 32. a4 bxa4 33.
Nxa4 g5 34. Nc5 a5 35. b3 Ng6 36. Kf3 Nh4+ 37. Kg4 Ng2 38. c4 h6 39. Ne6 Be7
40. Nd4 Bb4 41. Nc6 Kg7 42. Nd4 Ne3+ 43. Kf3 Nxc4 44. bxc4 a4 45. Nc2 Be7 46.
Ke4 Kf7 47. Kd5 Ke8 48. Kc6 Kd8 49. Kb5 a3 50. Ka4 h5 51. Kb3 g4 52. hxg4 hxg4
53. Ne1 g3 54. Ng2 Kc7 55. Nf4 Kd7 56. Ng2 Ke6 57. Nf4+ Kf5 58. Ng2 Ke4 59. Ne1
Ke3 60. Ng2+ Kf2 61. Nf4 g2 62. Nh3+ Kf1 63. Ka2 g1=Q 64. Nxg1 Kxg1 65. Kb3 Kf2
66. Ka2 Ke3 67. Kb1 Kd3 68. Ka2 Kxc4 69. Ka1 Kb3 70. Kb1 a2+ 71. Ka1 Bf6# 0-1

[Event "DVM U20w 2010"]
[Site "Magdeburg GER"]
[Date "2010.12.28"]
[Round "3"]
[White "Sturm, Johanna"]
[Black "Büttner, Sarah"]
[Result "1/2-1/2"]
[Termination "normal"]
[Board "5.3"]
[WhiteElo "1441"]
[BlackElo "1285"]
[WhiteTeam "TTC GW Fritzdorf"]
[BlackTeam "Dortmunder SV 1875"]
[PlyCount "124"]
[WhiteFideId "12909904"]
[BlackFideId "12909866"]
[EventCountry "GER"]
[EventRounds "7"]
[EventType "team-swiss"]
[EventDate "2010.12.26"]

1. e4 e5 2. Nf3 Nc6 3. Bc4 Bc5 4. b4 Bxb4 5. c3 Be7 6. d4 d6 7. Qb3 Na5 8.
Bxf7+ Kf8 9. Qa4 Kxf7 10. Qxa5 exd4 11. cxd4 Bg4 12. Qd5+ Be6 13. Qxb7 d5 14.
e5 h6 15. Nc3 Qb8 16. Rb1 Qxb7 17. Rxb7 c6 18. O-O Kf8 19. Rc7 Bb4 20. Rxc6
Bxc3 21. Rxc3 Ne7 22. Ba3 Kf7 23. Rc7 Rhe8 24. Rb1 Bc8 25. Rbc1 Be6 26. Bxe7
Rxe7 27. Rxe7+ Kxe7 28. Rc7+ Kf8 29. Nd2 a5 30. Nb3 a4 31. Nc5 Re8 32. Nxe6+
Rxe6 33. Rc8+ Kf7 34. Ra8 Rc6 35. g3 Rc4 36. Ra7+ Kf8 37. Ra5 Rxd4 38. Kg2 Ke7
39. f4 Rd2+ 40. Kh3 Rxa2 41. Rxd5 Rb2 42. Ra5 Rb4 43. f5 Re4 44. Kg2 Re2+ 45.
Kf3 Rxh2 46. Rxa4 Rd2 47. Re4 Rd3+ 48. Re3 Rd5 49. g4 Ra5 50. Kg3 Ra1 51. Kf4
Rf1+ 52. Rf3 Rg1 53. Rg3 Rb1 54. g5 Rb4+ 55. Kf3 Rb3+ 56. Kg4 Rb4+ 57. Kh5 Re4
58. gxh6 gxh6 59. Kxh6 Rxe5 60. Kg6 Kf8 61. f6 Re1 62. Rg5 Rf1 1/2-1/2

[Event "DVM U20w 2010"]
[Site "Magdeburg GER"]
[Date "2010.12.28"]
[Round "3"]
[White "Hoffmann, Clara Sandrine"]
[Black "Jentsch, Jasmin"]
[Result "1/2-1/2"]
[Termination "normal"]
[Board "5.4"]
[WhiteElo "1133"]
[BlackElo "1215"]
[WhiteTeam "Dortmunder SV 1875"]
[BlackTeam "TTC GW Fritzdorf"]
[PlyCount "83"]
[WhiteFideId "12909882"]
[BlackFideId "12909920"]
[EventCountry "GER"]
[EventRounds "7"]
[EventType "team-swiss"]
[EventDate "2010.12.26"]

1. d4 d5 2. c4 e6 3. Nc3 Nf6 4. Bg5 Be7 5. Nf3 Nbd7 6. e3 a6 7. cxd5 Nxd5 8.
Bxe7 Qxe7 9. Nxd5 exd5 10. Bd3 Qb4+ 11. Qd2 Qxd2+ 12. Nxd2 O-O 13. Rc1 c6 14.
O-O g6 15. Rfe1 f5 16. f3 Nf6 17. e4 Re8 18. Re2 Be6 19. Bb1 Rac8 20. e5 Nd7
21. f4 Kg7 22. Nf3 h6 23. Nh4 Kh7 24. g4 Rf8 25. gxf5 Bxf5 26. Nxf5 gxf5 27.
Rg2 b6 28. h4 c5 29. h5 Rc6 30. Bd3 c4 31. b3 b5 32. Kf1 Nb6 33. Re2 Nc8 34. e6
Ne7 35. Bb1 Kg7 36. bxc4 bxc4 37. Bc2 Kf6 38. Rce1 Rg8 39. Ba4 Rd6 40. Bd7 Rg4
41. Rf2 Rh4 42. Be8 1/2-1/2